000 00483nam a2200181Ia 4500
005 20250326124739.0
008 250326s9999 xx 000 0 und d
037 _aTextbook
040 _aFMSL
_beng
_cFMSL
041 _aeng
_2eng
084 _aX:89A L82
_qFMSL
100 _aPowell J
_9737900
245 0 _aProduction decision
_cPowell J
260 _aGreat
_bGreat, Britain Longman
_c1978
300 _a215p
942 _cTB
_hX:89A L82
999 _c1275023
_d1275023